Vesmírny program ako zložka mäkkej moci Číny

Úloha vesmírneho programu Číny v jej stratégii uplatňovania mäkkej moci vo svete. Znaky čínskeho vesmírneho programu. Najvýznamnejšie čiastkové programy v rámci celkového vesmírneho programu, teda letom s ľudskou posádkou či plánovanej sieti družíc Beidou. Vesmírna spolupráca Číny s partnermi v rozv...

Descrizione completa

Salvato in:
Dettagli Bibliografici
Autore principale: Ondriaš, Juraj, 1988-
Natura: Capitolo di libro
Lingua:slovacco
Soggetti:
Tags: Aggiungi Tag
Nessun Tag, puoi essere il primo ad aggiungerne!!

MARC

LEADER 00000nla a2200000 4500
001 0235123
005 20240502073816.4
041 0 |a slo 
044 |a SK 
245 1 0 |a Vesmírny program ako zložka mäkkej moci Číny  |c Juraj Ondriaš 
520 |a Úloha vesmírneho programu Číny v jej stratégii uplatňovania mäkkej moci vo svete. Znaky čínskeho vesmírneho programu. Najvýznamnejšie čiastkové programy v rámci celkového vesmírneho programu, teda letom s ľudskou posádkou či plánovanej sieti družíc Beidou. Vesmírna spolupráca Číny s partnermi v rozvinutom aj rozvojovom svete. Význam vesmírneho programu ako súčasť mäkkej moci Číny. 
610 2 0 |a Čína 
610 2 0 |a moc štátna 
610 2 0 |a programy výskumné 
610 2 0 |a spolupráca medzinárodná 
610 2 0 |a spolupráca vedeckotechnická 
100 1 |a Ondriaš, Juraj, 1988-